书目信息 |
| 题名: |
专心做好一件事
|
|
| 作者: | 马登 著 ;洪友 译 | |
| 分册: | ||
| 出版信息: | 北京 中国发展出版社 2006 |
|
| 页数: | 264页 | |
| 开本: | 23cm | |
| 丛书名: | 马登成功学全集 | |
| 单 册: | ||
| 中图分类: | B848.4 | |
| 科图分类: | ||
| 主题词: | 成功心理 , 成功心理--通俗读物 | |
| 电子资源: | ||
| ISBN: | 7-80087-890-2 | |
| 000 | 01023oam2 2200289 450 | |
| 001 | 070730001286 | |
| 005 | 20071016104413.35 | |
| 010 | @a7-80087-890-2@dCNY20.00 | |
| 035 | @a003145781 | |
| 100 | @a20060104d2006 em y0chiy0110 ea | |
| 101 | 1 | @achi@ceng |
| 102 | @aCN@b110000 | |
| 105 | @ay z 000yy | |
| 200 | 1 | @a专心做好一件事@Azhuan xin zuo hao yi jian shi@dConcentrating on one thing@zeng@f(美)奥里森·马登(Orison Swett Marden)著@g洪友译 |
| 210 | @a北京@c中国发展出版社@d2006 | |
| 215 | @a264页@d23cm | |
| 225 | 2 | @a马登成功学全集@v7 |
| 330 | @a本书详细阐述了专心做好一件事的40条准则,内容包括:做最应该做的事情、先做最难做的事情、把事情做细致彻底、不要忽略琐事等。 | |
| 461 | 0 | @1001003164920@12001 @a马登成功学全集 |
| 510 | 1 | @aConcentrating on one thing@zeng |
| 606 | 0 | @a成功心理 |
| 606 | 0 | @a成功心理@j通俗读物 |
| 690 | @aB848.4@v4 | |
| 701 | 0 | @c(美)@a马登@Ama deng@c(Marden, Orison Swett@f1848~1924)@4著 |
| 702 | 0 | @a洪友@Ahong you@4译 |
| 801 | 0 | @aCN@c20071016 |
| 905 | @dB848.4@eA7614 | |
| 专心做好一件事=Concentrating on one thing/(美)奥里森·马登(Orison Swett Marden)著/洪友译.-北京:中国发展出版社,2006 |
| 264页;23cm.-(马登成功学全集;7) |
| ISBN 7-80087-890-2:CNY20.00 |
| 本书详细阐述了专心做好一件事的40条准则,内容包括:做最应该做的事情、先做最难做的事情、把事情做细致彻底、不要忽略琐事等。 |
| ● |
| 相关链接 |
|
|
|
正题名:专心做好一件事
索取号:B848.4/A7614
 
预约/预借
| 序号 | 登录号 | 条形码 | 馆藏地/架位号 | 状态 | 备注 |
| 1 | 653003 | 206530039 | 社科库509/509社科库 42排1列3层/ [索取号:B848.4/A7614] | 在馆 | |
| 2 | 653004 | 206530048 | 社科库509/509社科库 42排1列3层/ [索取号:B848.4/A7614] | 在馆 | |
| 3 | 653005 | 206530057 | 社科库509/422社科库 13排2列5层/ [索取号:B848.4/A7614] | 在馆 |